Zwischen Bački Petrovac und Wien
| Titel: | Zwischen Bački Petrovac und Wien : der slowakische Kultur- und Kirchenhistoriker Ján Kvačala und seine Prägung durch die Habsburgermonarchie / Karl W. Schwarz |
|---|---|
| Verfasser: | |
| In: |
Zwischen Dorpat, Pressburg und Wien, (2018), Seite 13-29 alle Artikel anzeigen |
| Veröffentlicht: | 2018 |
| Format: | Aufsatz |
| Sprache: | Deutsch |
X
alg: 43955400 001A $03025:04-12-18 001B $01999:04-12-18 $t23:38:39.000 001D $03025:04-12-18 001U $0utf8 001X $00 002@ $0Aou 002C $aText $btxt $2rdacontent 002D $aohne Hilfsmittel zu benutzen $bn $2rdamedia 002E $aBand $bnc $2rdacarrier 003@ $0439554004 007A $0439554004 $aHEB 010@ $ager 010E $erda 011@ $a2018 021A $aZwischen Bački Petrovac und Wien $dder slowakische Kultur- und Kirchenhistoriker Ján Kvačala und seine Prägung durch die Habsburgermonarchie $hKarl W. Schwarz 028A $BVerfasser $#Schwarz, Karl W. $#Schwarz, Karl Walter $4aut $7131986600 $8Schwarz, Karl$Z1952- [Tp1] $9180634429 031A $h13-29 $j2018 039B $aEnthalten in $8--Aau--. Zwischen Dorpat, Pressburg und Wien. - Wiesbaden : Harrassowitz Verlag, 2018. - 398 Seiten. - Illustrationen. - ISBN 978-3-447-11044-0 $x201800000000000987 $943324769X 044K $#Kvačala, Jan $#Kvačala, Jan Radomil $#Kvacala, Ján Rodomil $#Kvacsala, Ján Radomil $#Kvacsala, János $#Kvačala, Johannes $#Kvacsala, Johann $#Kvacsala, Johannes $#Kvacala, Jvan $#Kvacala, Ioannes $#Kvačala, J. $#Chranovský, Ivan $#Kvačala, Johann $#Kvačala, Joannes $#Kvačala, Ivan $#Kvacala, Josef $#Kvačala, Ioannes $7117555460 $8Kvačala, Jan$Z1862-1934 [Tp1] $9151324433 044K $#Wienn $#Viedeň $#Vinna $#Wiedeń Wien $#Vena $#Wienna $#Vin $#Biennē $#Viennē $#Wīn $#Bécs $#Vídeň $#Vjenë $#Dunaj $#Wenia $#Bundesland Wien $#Land Wien $#Stadt Wien $#Bundeshauptstadt Wien $#Bundesunmittelbare Stadt Wien $#Kaiserlich-Königliche Reichshaupt- und Residenzstadt Wien $#K.K. Reichshaupt- und Residenzstadt Wien $#Reichshaupt- und Residenzstadt Wien $#Reichsgau Wien $#Vienna $#Vienne Österreich $#Beč $#Viena $#Bécs $#Vindobona Wien $#Vienna Pannoniae $#Vindobona $#Vienna Austriae $#Vienne $#Gemeinde Wien $#Vienna Fluviorum $74066009-6 $8Wien [Tgz] $9085185515 044K $RJurʹev $#Tartu $#Dorpat $#Dorpat Tartu $#Derpt $#Tartu, Töörahva Saadikute Nõukogu $#TSN $#Tartu, Sovet Trudjašcichsja Deputatov $#Tartu Linna TSN Täitevkomitee $#Töörahva Saadikute Nõukogu Tartu $#Sovet Trudjašcichsja Deputatov Tartu $71029285-8 $8Tartu [Tg1] $9042051304 044K $RGeschichtsschreibung $#Church history Historiography $#Église Historiographie $#Kirchengeschichte Geschichtsschreibung $74130811-6 $8Kirchengeschichtsschreibung [Ts1] $908546404X 044K $RNationalitätenpolitik $#Nationalitätenfrage $#Nationalitätenkonflikt $#Nationale Frage Nationalitätenfrage $#Nationalitätenproblem $74126113-6 $8Nationalitätenfrage [Ts1] $9085427934 044K $RKultur $#Ethnic relations $#Cultural relations $#Relations interethniques $#Relations culturelles $#Relaciones étnicas $#Relaciones culturales $#Interkulturelle Beziehungen $#kulturelle Beziehungen $#Kulturelle Beziehungen $#Kulturbeziehung $74033552-5 $8Kulturbeziehungen [Ts1] $9085089621 045F $a306.09437309034 $eDDC23BSB 045F/01 $a306.09 045F/03 $f09034 045F/03 $f0904 045F/03 $g4373 045F/03 $g436 045F/03 $g4798 045R $aGeschichte lok: 43955400 78 exp: 43955400 78 1 #EPN 201B/01 $004-12-18 $t08:03:18.000 201C/01 $004-12-18 201U/01 $0utf8 203@/01 $01035751356 208@/01 $a04-12-18 $be 209A/01 $a/ $f000 $x00 209A/01 $ab*p $x01 220C/01 $apgar 244Z/01 $#Slowakei $#Slowakei $#Slowakische Republik $#Oberungarn $#Slovensko $#Slovenská Republika $#Slovenská SR $#SSR $#Slovakia $#Slovaquie $#Slovak Republic $#République Slovaque $#Slovenská Socialistická Republika $#Slowakische Sozialistische Republik $#Slovak Socialist Republic $#République Socialiste Slovaque $74055297-4 $8--Tg1--Slowakei $x01 $9085153834 244Z/01 $#Estland $#Estland $#Estnische SSR $#Eesti $#Estonskaja SSR $#EV $#Estonia 1918 - 1940, 1991 - $#Republik Estland $#Eesti Vabariik $#Republic of Estonia $#Ėstonskaja Respublika $#Estnische Republik $#Estonia 1918-1940 ; ab 1991 $#Estonia $#Estonie $74015587-0 $8--Tg1--Estland $x02 $9085035777 244Z/01 $#Petrowatz $#Petrócz $#Báčsky Petrovec $#Petrovac $#Petrovácz $#Petrovec $#Petrőc $#Báčski Petrovec $#Bačsky Petrovec $74080231-0 $8--Tg1--Bački Petrovac $x03 $9085228958 244Z/01 $#Leipzig $#Urbs Lipzi $#Lipzi $#Lejpcig $#Reichsmessestadt Leipzig $#Lipsk $#Lipcse $#Messestadt Leipzig $#Groß-Leipzig $#Lipsia $#Stadt Leipzig $#Leipsic $#Leipzic $#Leyptzick $#Lejpzjg $#Leipsig $#Leipsia $#Gross-Leipzig $#Liptzk $#Leiptzk $#Leyptzigk $#Leipsique $#Leipsick $#Leypsic $#Leipsic $74035206-7 $8--Tg1--Leipzig $x04 $9085094951 247C/01 $82080>Marburg/Lahn, Herder-Institut, Forschungsbibliothek, Bibliographieportal $9336309341
| LEADER | 00000caa a2200000 c 4500 | ||
|---|---|---|---|
| 001 | 439554004 | ||
| 003 | DE-603 | ||
| 005 | 20181204233839.0 | ||
| 007 | tu | ||
| 008 | 181204s2018 xx |||| | u00||u|ger c | ||
| 035 | |a (DE-599)HEB439554004 | ||
| 040 | |a DE-603 |b ger |c DE-603 |d DE-603 |e rda | ||
| 041 | |a ger | ||
| 082 | 0 | 4 | |8 1\u |a 306.09437309034 |q DE-101 |2 23/BSB |
| 085 | |8 1\u |b 306.09 | ||
| 085 | |8 1\u |z 1 |s 09034 | ||
| 085 | |8 1\u |z 1 |s 0904 | ||
| 085 | |8 1\u |z 2 |s 4373 | ||
| 085 | |8 1\u |z 2 |s 436 | ||
| 085 | |8 1\u |z 2 |s 4798 | ||
| 100 | 1 | |a Schwarz, Karl |d 1952- |e Verfasser |4 aut |0 (DE-603)180634429 |0 (DE-588)131986600 |2 gnd | |
| 245 | 0 | 0 | |a Zwischen Bački Petrovac und Wien |b der slowakische Kultur- und Kirchenhistoriker Ján Kvačala und seine Prägung durch die Habsburgermonarchie |c Karl W. Schwarz |
| 264 | 0 | |c 2018 | |
| 336 | |a Text |b txt |2 rdacontent | ||
| 337 | |a ohne Hilfsmittel zu benutzen |b n |2 rdamedia | ||
| 338 | |a Band |b nc |2 rdacarrier | ||
| 600 | 1 | 7 | |a Kvačala, Jan |d 1862-1934 |0 (DE-588)117555460 |0 (DE-603)151324433 |2 gnd |
| 648 | 7 | |a Geschichte |2 gnd | |
| 650 | 7 | |a Kirchengeschichtsschreibung |0 (DE-588)4130811-6 |0 (DE-603)08546404X |2 gnd | |
| 650 | 7 | |a Nationalitätenfrage |0 (DE-588)4126113-6 |0 (DE-603)085427934 |2 gnd | |
| 650 | 7 | |a Kulturbeziehungen |0 (DE-588)4033552-5 |0 (DE-603)085089621 |2 gnd | |
| 651 | 7 | |a Wien |0 (DE-588)4066009-6 |0 (DE-603)085185515 |2 gnd | |
| 651 | 7 | |a Tartu |0 (DE-588)1029285-8 |0 (DE-603)042051304 |2 gnd | |
| 773 | 0 | 8 | |i Enthalten in |t Zwischen Dorpat, Pressburg und Wien |d Wiesbaden : Harrassowitz Verlag, 2018 |h 398 Seiten, Illustrationen |z 9783447110440 |z 3447110449 |g (2018), Seite 13-29 |w (DE-603)43324769X |
| 924 | 0 | |9 2080 |a (DE-603)1035751356 |b DE-2080 |c HES |d d |g / | |


